000 01397nam0a22002651 4500
001 rc\115572
005 20250620185518.0
035 _a(NLR Aleph) 005374585
090 _a7035916
_c7035916
100 _a20021216d1993 |||y0rusy50 ca
101 0 _arus
102 _aRU
105 _aa |||||||||
200 1 _aТЕМАТИЧЕСКИЕ зачеты
_eМатематика 5
_e(К учеб. Э.Р. Нуркаи А.Э. Тельгмаа)
_eВариант 2
_fМоск. Департамент образования, Т-во "Образование для всех"
_g[Сост. С.С. Минаева и др.]
210 _aМ.
_cВИНИТИ
_d1993
215 _a19 с.
_cил.
_d21
225 1 _aМетодическое обеспечение уровневой дифференциации обучения в основной школе: естественно-математический цикл
604 _1700#1$aНурк$bЭ.Р.$gЭнн Рихардович
_1701#1$aТельгмаа$bА.Э.$gАксель Эдуардович
_150010$aМатематика: Учеб. для 5-го кл. сред. шк.$2psbo
702 1 _aМинаева
_bС.С.
_gСветлана Станиславовна
_4220
712 0 2 _a"Образование для всех", т-во
_cМосква
801 0 _aRU
_bNLR
_gpsbo
801 1 _aRU
_bELAR
_2rusmarc
852 _aNLR
_j94-6/25
942 _cBOOK
980 _aNB